zpět

Detail výsledku týmu

Luka bar, Praha

Datum a čas kvízu

35 Celkem bodů Celkový počet nahraných bodů na tomto kvízu bez doplňovacích otázek.
3. Pořadí na kvízu Konečné umístění týmu na tomto kvízu.

Zaznamenané odpovědi

# Otázka Odpověď Body Výsledky
1. Ti, kteří se pořádně zaměřili... Bureši, čaú 1
2. Tlaková níže a s ní spojené si... Axel 1
3. Režisér Quentin Tarantino, jeh... Aby nezveřejňovali obsah filmu. 0
4. Rakouský nábytkářský řetězec X... Kika 0
5. V pondělí nás opustil Niki Lau... Ferrari, McLaren 1
6. Jakou barvu má pruh, který je... černou 0
7. Kolik vodorovných pruhů tvoří... čtyři 0
8. Na thajské vlajce nenajdeme pr... C 1
9. Slovinskou vlajku tvoří znak v... prostřední 0
10. Který z pruhů na vlajce Maďars... A 1